[Event "LSS OP-2008-0-00690"]
[Site "LSS email"]
[Date "2008.12.06"]
[Round "?"]
[White "Summers, Joel"]
[Black "Pitymaty, Matyi"]
[Result "0-1"]
[WhiteElo "1560"]
[BlackElo "800"]
[PlyCount "44"]
[EventDate "2008.12.05"]
[EventType "tourn (corr)"]
[EventRounds "4"]
[EventCountry "GER"]
[SourceTitle "Corr 2011"]
[Source "ChessBase"]
[SourceDate "2010.08.31"]
[SourceVersion "1"]
[SourceVersionDate "2010.08.31"]
[SourceQuality "1"]

1. e4 e5 2. Bc4 Nf6 3. Nc3 Nc6 4. d3 Na5 5. Nge2 Nxc4 6. dxc4 Bc5 7. 0-0 d6 8. Na4 Nxe4 9. Be3 Bxe3 10. fxe3 Qg5 11. Qd3 Bf5 12. Rf3 Bg6 13. c5 0-0 14. Nac3 Nxc5 15. Qd2 Qg4 16. Ng3 Rad8 17. Nd5 Qd7 18. Raf1 c6 19. Nc3 d5 20. Nf5 f6 21. Ng3 Ne6 22. R3f2 d4 0-1

[Event "LSS OP-2008-0-00690"]
[Site "LSS email"]
[Date "2008.12.06"]
[Round "?"]
[White "Tjiptadi, Kudus"]
[Black "Summers, Joel"]
[Result "0-1"]
[WhiteElo "956"]
[BlackElo "1560"]
[PlyCount "86"]
[EventDate "2008.12.05"]
[EventType "tourn (corr)"]
[EventRounds "4"]
[EventCountry "GER"]
[SourceTitle "Corr 2011"]
[Source "ChessBase"]
[SourceDate "2010.08.31"]
[SourceVersion "1"]
[SourceVersionDate "2010.08.31"]
[SourceQuality "1"]

1. d4 Nf6 2. c4 e6 3. Nc3 Bb4 4. e3 c5 5. Bd3 Nc6 6. Nge2 cxd4 7. exd4 d5 8. 0-0 0-0 9. a3 dxc4 10. Bxc4 Bd6 11. d5 exd5 12. Nxd5 Nxd5 13. Bxd5 Bg4 14. f3 Bc5+ 15. Kh1 Be6 16. Bxe6 fxe6 17. Qc2 Bb6 18. Bd2 Qh4 19. Be1 Qg5 20. Rd1 Rad8 21. Bg3 Qf5 22. Qb3 Rxd1 23. Rxd1 Rd8 24. h3 Rxd1+ 25. Qxd1 Qd5 26. Qxd5 exd5 27. Bd6 g6 28. g4 d4 29. Kg2 d3 30. Nc3 Bd4 31. Nd1 Kf7 32. f4 Ke6 33. Bb4 Nxb4 34. axb4 Kd5 35. Kf3 Bb6 36. b3 Kd4 37. h4 h5 38. f5 hxg4+ 39. Kxg4 gxf5+ 40. Kxf5 a6 41. h5 d2 42. h6 Kd3 43. h7 Bd4 0-1